| 000 | 01182 a2200181 4500 | ||
|---|---|---|---|
| 020 | _a0071482784 (hardcover) | ||
| 020 | _a9780071482783 (hardcover) | ||
| 082 | 0 | 4 | _a658.4013 |
| 090 |
_c4879 _d4879 |
||
| 100 | 1 | _aSleeper, Andrew. | |
| 245 | 1 | 0 |
_aSix sigma distribution modeling / _cAndrew Sleeper. |
| 250 | _a1st ed. | ||
| 260 |
_a[S.l.] : _bMcGraw-Hill Professional, _c2006. |
||
| 300 |
_a448 p. ; _c24 cm. |
||
| 520 | _aSleeper provides six sigma practitioners with the tools which will allow them to stand out from your competitors by using advanced statistical and modeling tools for more in-depth analysis. Understanding and properly utilizing statistical data distributions is one of the most important and difficult skills for a six sigma practitioner to possess. Sleeper provides six sigma practitioners with a road map for selecting and using distributions for more precise outcomes. With the added value of Crystal Ball Modeling software, this book becomes a powerful tool for analyzing and modeling difficult data quickly and efficiently. | ||
| 856 | 4 | 0 |
_3Amazon.com _uhttp://www.amazon.com/exec/obidos/ASIN/0071482784/chopaconline-20 |
| 942 |
_aNBS _cBK _k658.4013 SLE |
||
| 999 |
_c347309 _d347309 |
||